000 00594nam a2200217Ii 4500
003 JO-AjNU
008 230606s9999||||xx |||||||||||||| ||und||
020 _a0-304-31906-6
040 _aJO-AjNU
_beng
_erda
_cJO-AjNU
041 _aeng
050 1 4 _aHF5635.P5 1990
100 3 _aPIZZEY, ALAN,
_eauthor
_96801
245 0 0 _aAccounting and Finance: AFIRM FOUNDATION
250 _a3th ed
264 3 1 _aLondon: Cassell, 1990
300 _a1130p
336 _atext
_btxt
_2rdacontent
337 _aunmediated
_bn
_2rdamedia
338 _avolume
_bnc
_2rdacarrier
650 4 _aAccounting
_96802
999 _aE3543
_c3525
_d3525